<The> text mining handbook advanced approaches in analyzing unstructured data

Gespeichert in:
Bibliographische Detailangaben
1. Verfasser: Feldman, Ronen
Weitere Verfasser: Sanger, James
Format: Buch
Sprache:Englisch
Veröffentlicht: Cambridge Cambridge University Press 2009
Schlagworte:
Tags: Tag hinzufügen
Keine Tags, Fügen Sie das erste Tag hinzu!

MARC

LEADER 00000nam a2200000 4500
001 0135452
005 20240313133553.0
020 |a 978-0-521-83657-9 
041 0 |a eng 
044 |a GB 
245 1 0 |a <The> text mining handbook  |b advanced approaches in analyzing unstructured data  |c Ronen Feldman, James Sanger 
264 1 |a Cambridge  |b Cambridge University Press  |c 2009 
300 |a 410 s. 
610 2 0 |a počítače 
610 2 0 |a dáta 
610 2 0 |a informácie 
610 2 0 |a analýzy 
610 2 0 |a algoritmy 
610 2 0 |a systémy informačné 
610 2 0 |a siete počítačové 
100 1 |a Feldman, Ronen 
700 1 |a Sanger, James